Concise Oxford Russian dictionary / (Record no. 9379)

MARC details
000 -LEADER
fixed length control field 01312cam a22003375a 4500
003 - CONTROL NUMBER IDENTIFIER
control field EG-ScBUE
005 - DATE AND TIME OF LATEST TRANSACTION
control field 20220628095453.0
008 - FIXED-LENGTH DATA ELEMENTS--GENERAL INFORMATION
fixed length control field 180828s1998 enk f d 000 0 eng d
020 ## - INTERNATIONAL STANDARD BOOK NUMBER
International Standard Book Number 0198601522
020 ## - INTERNATIONAL STANDARD BOOK NUMBER
International Standard Book Number 9780198601524
040 ## - CATALOGING SOURCE
Original cataloging agency EG-ScBUE
Language of cataloging eng
Description conventions rda
Transcribing agency EG-ScBUE
Modifying agency EG-ScBUE
041 0# - LANGUAGE CODE
Language code of text/sound track or separate title rus
-- eng
082 04 - DEWEY DECIMAL CLASSIFICATION NUMBER
Classification number 491.7321
Item number CON
Edition number 22
245 00 - TITLE STATEMENT
Title Concise Oxford Russian dictionary /
Statement of responsibility, etc Russian-English, edited by Marcus Wheeler and Boris Unbegaun ; English-Russian, edited by Paul Falla.
264 #1 - PUBLICATION, DISTRIBUTION, ETC. (IMPRINT)
Place of publication, distribution, etc Oxford :
Name of publisher, distributor, etc Oxford University Press,
Date of publication, distribution, etc 1998.
300 ## - PHYSICAL DESCRIPTION
Extent xiv, 1007 pages ;
Dimensions 25 cm
336 ## - CONTENT TYPE
Source rdacontent
Content type term text
Content type code txt
337 ## - MEDIA TYPE
Source rdamedia
Media type term unmediated
Media type code n
338 ## - CARRIER TYPE
Source rdacarrier
Carrier type term volume
Carrier type code nc
520 ## - SUMMARY, ETC.
Summary, etc Offering guidance on pronunciation and grammar, entries include abbreviations and contemporary Russian and English phrases.<br/>
546 ## - LANGUAGE NOTE
Language note Text in Russian and English.
650 #7 - SUBJECT ADDED ENTRY--TOPICAL TERM
Topical term or geographic name as entry element Russian language
Form subdivision Dictionaries
General subdivision English.
Source of heading or term BUEsh
650 #7 - SUBJECT ADDED ENTRY--TOPICAL TERM
Topical term or geographic name as entry element English language
Form subdivision Dictionaries
General subdivision Russian.
Source of heading or term BUEsh
651 ## - SUBJECT ADDED ENTRY--GEOGRAPHIC NAME
Source of heading or term BUEsh
653 ## - INDEX TERM--UNCONTROLLED
Resource For college Humanities: English
Arrived date list August2018
655 ## - INDEX TERM--GENRE/FORM
Form subdivision Reading book
9 (RLIN) 34232
700 1# - ADDED ENTRY--PERSONAL NAME
Personal name Wheeler, Marcus,
Relator term editor.
9 (RLIN) 38601
700 1# - ADDED ENTRY--PERSONAL NAME
Personal name Unbegaun, Boris Ottokar,
Dates associated with a name 1898-1973,
Relator term editor.
700 1# - ADDED ENTRY--PERSONAL NAME
Personal name Falla, P. S.
Fuller form of name (Paul Stephen),
Dates associated with a name 1913-
Relator term editor.
942 ## - ADDED ENTRY ELEMENTS (KOHA)
Source of classification or shelving scheme Dewey Decimal Classification
Koha item type Reference (NB)
Holdings
Withdrawn status Lost status Source of classification or shelving scheme Damaged status Not for loan Collection code Home library Current library Shelving location Date acquired Source of acquisition Full call number Barcode Date last seen Koha item type
    Dewey Decimal Classification     Alahram Central Library Central Library Second Floor 05/05/2008 Purchase 491.7321 CON 000011344 15/07/2025 Reference (NB)